000 01075nas a22003017a 4500
003 CHAP
005 20250619142451.0
008 111031c2006 mx u m nn 0 0spa d
010 _a95646
011 _a96618
020 _a9682474612
035 _a107274
040 _cCHAP
082 0 0 _a633.84
_bM31
245 0 0 _aManual del cultivo del chile
_h/coordinado por Luis Lesur
260 _aMéxico :
_bTrillas,
_c2006
590 _aBATCH-UPD
_b10
_c20130110
_lUCH01
_h0501
590 _aBATCH-UPD
_b10
_c20130410
_lUCH01
_h0139
590 _aBATCH-UPD
_b10
_c20130914
_lUCH01
_h0923
590 _aCONVERSION
_b10
_c20130109
_lUCH01
_h1353
650 0 4 _aChile (Botánica)
_xCrecimiento.
_922350
650 0 4 _aChile (Botánica)
_xPropagación.
_922386
650 0 4 _aChile (Botánica)
_xVariedades.
700 0 _aLesur, Luis
_966363
901 _aSE
942 _cLIBRO
949 _a633.84 M31
_bBC
_cLIBRO
_d33724002329496
_eLIBRO
_gsustituciØn
_h24114 sust.
_i107274
_mesta copia sustituye a la copia 3 del bib. 65812 con tŁtulo: El cultivo del chile del autor DŁaz Del Pino Alfonso
_si
999 _c95646
_d95646